书目信息 |
| 题名: |
中级汽车修理工自学读本
|
|
| 作者: | 宋璟杨 , 宋森 编著 | |
| 分册: | ||
| 出版信息: | 北京 金盾出版社 1995 |
|
| 页数: | 1049页 | |
| 开本: | 19cm | |
| 丛书名: | ||
| 单 册: | ||
| 中图分类: | U472.4 | |
| 科图分类: | ||
| 主题词: | 汽车--维修--技术教育--教材 | |
| 电子资源: | ||
| ISBN: | 7-80022-991-2 | |
| 000 | 00840nam0 2200265 450 | |
| 001 | CAL 012001167222 | |
| 005 | 20061120160456.50 | |
| 010 | @a7-80022-991-2@dCNY 35.00 | |
| 099 | @aCAL 012001167222 | |
| 100 | @a19970324d1995 km y0chiy0121 ea | |
| 101 | 0 | @achi |
| 102 | @aCN@b110000 | |
| 105 | @af z 000yy | |
| 200 | 1 | @a中级汽车修理工自学读本@Azhong ji qi che xiu li gong zi xue du ben@f宋森,宋〓杨编著 |
| 210 | @a北京@b北京复兴路2号@c金盾出版社@d1995 | |
| 215 | @a1049页@c插图@d19cm | |
| 300 | @a〓=[王景](JING) | |
| 330 | @a全书分别按应知、应会和工作实例等三大部分,分章逐节进行了详细阐述。 | |
| 606 | 0 | @a汽车@x维修@x技术教育@j教材 |
| 690 | @aU472.4@v4 | |
| 701 | 0 | @a宋璟杨@ASong Jingyang@4编著 |
| 701 | 0 | @a宋森@ASong Sen@c(汽车维修)@4编著 |
| 801 | @aCN@c20061120 | |
| 905 | @apdsgxy@dU472.4@eS778 | |
| 998 | @aSCT | |
| 中级汽车修理工自学读本/宋森,宋〓杨编著.-北京(北京复兴路2号):金盾出版社,1995 |
| 1049页:插图;19cm |
| 〓=[王景](JING) |
| ISBN 7-80022-991-2:CNY 35.00 |
| 全书分别按应知、应会和工作实例等三大部分,分章逐节进行了详细阐述。 |
| ● |
| 相关链接 |
|
|
|
正题名:中级汽车修理工自学读本
索取号:U472.4/S778
 
预约/预借
| 序号 | 登录号 | 条形码 | 馆藏地/架位号 | 状态 | 备注 |
| 1 | 611755 | 206117557 | 自科库501/501自科库 57排4列1层/ [索取号:U472.4/S778] | 在馆 | |
| 2 | 611756 | 206117566 | 自科库501/501自科库 57排4列1层/ [索取号:U472.4/S778] | 在馆 | |
| 3 | 611757 | 206117575 | 自科库501/501自科库 57排4列1层/ [索取号:U472.4/S778] | 在馆 |